Detalles MARC
| 000 -CABECERA |
| Longitud fija campo de control |
01294nam a2200349 4500 |
| 003 - • IDENTIFICADOR DELl NÚMERO DE CONTROL |
| Identificador del número de control |
CO-BoRNBP |
| 005 - • FECHA Y HORA DE LA ÚLTIMA TRANSACCIÓN |
| Fecha y hora de la última transacción |
20251029153134.0 |
| 007 - • CAMPO FIJO DE DESCRIPCIÓN FÍSICA |
| Campo fijo de descripción física |
ta |
| 008 - • CÓDIGOS DE INFORMACIÓN DE LONGITUD FIJA |
| Códigos de información de longitud fija |
050128m20059999sp | ||| ||spa |
| 017 ## - NÚMERO DE COPYRIGHT O DE DEPÓSITO LEGAL |
| Número de copyright o de depósito legal |
TO 811-2004 |
| Agencia que asigna el número |
Oficina Depósito Legal Toledo |
| 020 ## - • NÚMERO INTERNACIONAL NORMALIZADO PARA LIBROS |
| Número Internacional Normalizado para Libros (ISBN) |
8480551844 |
| 040 ## - FUENTE DE LA CATALOGACIÓN |
| Centro catalogador de origen |
SpMaBN |
| Lengua de catalogación |
spa |
| Centro transcriptor |
SpMaBN |
| Normas de descripción |
rdc |
| 080 ## - NÚMERO DE LA CLASIFICACIÓN DECIMAL UNIVERSAL |
| Número de la Clasificación Decimal Universal |
674 |
| 100 1# - • PUNTO DE ACCESO PRINCIPAL-NOMBRE DE PERSONA |
| Nombre de persona |
Gil Espinosa, Juan Carlos |
| 240 10 - • TÍTULO UNIFORME |
| Título uniforme |
<a href="Guía práctica de carpintería">Guía práctica de carpintería</a> |
| 245 10 - • TITULO PROPIAMENTE DICHO |
| Título |
Guía práctica de carpintería |
| Medio |
[Texto impreso] |
| Mención de responsabilidad, etc. |
[han colaborado, Juan Carlos Gil Espinosa, Tomás Herránz Cortés] |
| 250 ## - • MENCIÓN DE EDICIÓN |
| Mención de edición |
1a. edición |
| 300 ## - • DESCRIPCIÓN FÍSICA |
| Extensión |
v. <1> |
| Otras características físicas |
il. col. |
| Dimensiones |
26 cm |
| 336 ## - TIPO DE CONTENIDO |
| Fuente |
rdacontent |
| Término de tipo de contenido |
texto |
| Código de tipo de contenido |
txt |
| 337 ## - TIPO DE MEDIO |
| Fuente |
rdamedia |
| Nombre del tipo de medio |
sin mediación |
| Código del tipo de medio |
n |
| 338 ## - TIPO DE SOPORTE |
| Fuente |
rdacarrier |
| Nombre del tipo de soporte |
volumen |
| Código del tipo de soporte |
nc |
| 500 ## - • NOTA GENERAL |
| Nota general |
En 3 v. |
| 505 1# - • NOTA DE CONTENIDO CON FORMATO |
| Nota de contenido con formato |
1. Trabajos con la madera (507 p.) |
| 650 #7 - • PUNTO DE ACCESO ADICIONAL DE MATERIA - TÉRMINO DE MATERIA |
| Término de materia o nombre geográfico como elemento inicial |
Carpintería |
| Fuente del encabezamiento o término |
embne |
| 700 1# - • PUNTO DE ACCESO ADICIONAL - NOMBRE DE PERSONA |
| Nombre de persona |
Herranz Cortés, Tomás |
| 942 ## - ENTRADA DE ELEMENTOS AGREGADOS (KOHA) |
| Fuente de clasificaión o esquema |
Dewey Decimal Classification |
| Koha [por defecto] tipo de item |
LIbro |
| 956 ## - LOCALIZACIÓN Y ACCESO ELECTRÓNICO LOCAL (OCLC) |
| Nombre de la fuente |
1 2 |
| 980 ## - EQUIVALENCIA O SECCIÓN-REFERENCIA-INFORME SERIES--NOMBRE / TÍTULO DE PERSONA [LOCAL, CANADA] |
| Nombre personal |
TO 811-2004 |
| -- |
84-8055-184-4 |
| -- |
SpMaBN |
| Numeración |
BNMADRID |
| Atributo cualificador |
5/51291 |
| T&íacute;tulos u otras palabras asociadas a nombre |
SG_RECOLET |
| Campo enlazado y número de secuencia |
1 |
| Nombre personal |
v. |
| Campo enlazado y número de secuencia |
1.1 |
| Nombre personal |
1 |
| Campo enlazado y número de secuencia |
0 |
| Nombre personal |
v. 1 |
| 980 ## - EQUIVALENCIA O SECCIÓN-REFERENCIA-INFORME SERIES--NOMBRE / TÍTULO DE PERSONA [LOCAL, CANADA] |
| Nombre personal |
TO 811-2004 |
| -- |
84-8055-184-4 |
| -- |
SpMaBN |
| Numeración |
BNALCALA |
| T&íacute;tulos u otras palabras asociadas a nombre |
SG_PETANTI |
| Atributo cualificador |
AHI/33519 |
| Campo enlazado y número de secuencia |
1 |
| Nombre personal |
v. |
| Campo enlazado y número de secuencia |
1.1 |
| Nombre personal |
1 |
| Campo enlazado y número de secuencia |
0 |
| Nombre personal |
v. 1 |
| 980 ## - EQUIVALENCIA O SECCIÓN-REFERENCIA-INFORME SERIES--NOMBRE / TÍTULO DE PERSONA [LOCAL, CANADA] |
| Nombre personal |
TO 811-2004 |
| -- |
84-8055-184-4 |
| -- |
SpMaBN |
| Numeración |
BNALCALA |
| Atributo cualificador |
DLi/26009 |
| T&íacute;tulos u otras palabras asociadas a nombre |
CONSERVACI |
| Campo enlazado y número de secuencia |
1 |
| Nombre personal |
v. |
| Campo enlazado y número de secuencia |
1.1 |
| Nombre personal |
1 |
| Campo enlazado y número de secuencia |
0 |
| Nombre personal |
v. 1 |